| 000 | 00840nam a2200205Ia 4500 | ||
|---|---|---|---|
| 999 |
_c53744 _d53744 |
||
| 003 | GCL | ||
| 005 | 20240530105201.0 | ||
| 008 | 140319s9999 xx 000 0 ara d | ||
| 040 |
_aGCL / _cGCL |
||
| 082 | 0 | 4 |
_a575.1 _bف م |
| 100 | 1 | _aفولكز ، دى .سى . | |
| 245 | 1 | 0 |
_aمقدمة فى الوراثة الكمية / _cتاليف دى سى فولكز ؛ ترجمة محمد خير عبدالله احمد ؛ مراجعة عبدالله محمد الترهونى ، عبدالله عبدالرحمن زايد |
| 260 |
_a[S.N] : _bجامعة عمر المختار ، _c1992 |
||
| 300 | _a420 | ||
| 650 | 0 | 4 | _aالوراثة |
| 650 | 0 | 4 | _aفسيولوجيا الوراثة |
| 700 | 1 |
_aمحمد خيرى عبدالله احمد _eمترجم |
|
| 700 | 1 |
_aعبدالله محمد الترهونى _eمراجع |
|
| 942 |
_2ddc _cBK |
||